IV Congreso Centroamericano de Estudios Culturales

Salvato in:
Dettagli Bibliografici
Natura: Libro
Lingua:Spanish
Pubblicazione: San José, Costa Rica: Universidad de Costa Rica : CIICLA, 2013
Soggetti:
Tags: Aggiungi Tag
Nessun Tag, puoi essere il primo ad aggiungerne!!

MARC

LEADER 00000nam a22000007a 4500
008 150202s2013 cr a||||r|| |a00| 0 spa d
040 |a CRU CIICLA 
082 |a 378.728.607.5  |b U58cu 
245 |a IV Congreso Centroamericano de Estudios Culturales 
260 |a San José, Costa Rica:  |b Universidad de Costa Rica : CIICLA,  |c 2013 
300 |a 1 cartel:  |b color,  |c 42 centímetros 
610 1 4 |a CENTRO DE INVESTIGACIONES EN IDENTIDAD Y CULTURA LATINOAMERICANAS  |v CARTELES 
942 |2 ddc  |c BK 
999 |c 3820  |d 3820